صياغة مخرجات التعلم واستخدامها : (Record no. 3664)

MARC details
000 -LEADER
fixed length control field 01253nam a2200241 ar4500
001 - CONTROL NUMBER
control field 3666
005 - DATE AND TIME OF LATEST TRANSACTION
control field 20221127090803.0
008 - FIXED-LENGTH DATA ELEMENTS--GENERAL INFORMATION
fixed length control field 140120s su a 00010|ara d
020 ## - INTERNATIONAL STANDARD BOOK NUMBER
International Standard Book Number 9960171531
082 04 - DEWEY DECIMAL CLASSIFICATION NUMBER
Classification number 378.01
Item number ك807
100 1# - MAIN ENTRY--PERSONAL NAME
Personal name كينيدي، ديكلان.
245 10 - TITLE STATEMENT
Title صياغة مخرجات التعلم واستخدامها :
Remainder of title (دليل تطبيقي) /
Statement of responsibility, etc. تاليف ديكلان كينيدي ؛ ترجمة سعيد الزهراني، عبدالحميد بن محمد اجبار.
260 ## - PUBLICATION, DISTRIBUTION, ETC.
Place of publication, distribution, etc. الرياض :
Name of publisher, distributor, etc. وزارة التعليم العالي،
Date of publication, distribution, etc. 1434[2013].
300 ## - PHYSICAL DESCRIPTION
Extent 138 ص. :
Other physical details ايض. ملونة ؛
Dimensions 21 سم.
440 #0 - SERIES STATEMENT/ADDED ENTRY--TITLE
Title سلسلة اصدارات مركز البحوث والدراسات ؛
Volume/sequential designation 22.
500 ## - GENERAL NOTE
General note ترجمة لكتاب: Writing and using learning outcomes : a practical guide / Declan Kennedy. 2007.
504 ## - BIBLIOGRAPHY, ETC. NOTE
Bibliography, etc. note يتضمن ببليوجرافيا.
650 #4 - SUBJECT ADDED ENTRY--TOPICAL TERM
Topical term or geographic name entry element التعليم العالي
General subdivision تنظيم وادارة.
650 #4 - SUBJECT ADDED ENTRY--TOPICAL TERM
Topical term or geographic name entry element التعليم العالي
General subdivision اقتصاديات.
650 #4 - SUBJECT ADDED ENTRY--TOPICAL TERM
Topical term or geographic name entry element الجامعات والكليات
General subdivision اغراضه واهدافه.
700 0# - ADDED ENTRY--PERSONAL NAME
Personal name الزهراني، سعيد بن محمد،
Relator term مترجم.
700 0# - ADDED ENTRY--PERSONAL NAME
Personal name اجبار، عبدالحميد بن محمد،
Relator term مترجم.
Holdings
Withdrawn status Lost status Source of classification or shelving scheme Damaged status Not for loan Home library Current library Date acquired Total Checkouts Full call number Barcode Date last seen Copy number Price effective from Koha item type
          CENTRAL CENTRAL 11/27/2022   378.01 DF807 1000000008066 11/27/2022 C1 11/27/2022 Book
          CENTRAL CENTRAL 11/27/2022   378.01 DF807 1000000008067 11/27/2022 C2 11/27/2022 Book